000 00430nam a2200169Ia 4500
003 LK-CoDNM
008 010623t xxu||||| |||| 00| 1 sin d
040 _aLK-CoDNM
_dLK-CoDNM
_eLK-CoDNM
041 _asin
080 _ax 92
100 _aDe Silva, D.Harry
245 _aශ්‍රී කවීශ්වර චරිතය
246 _aSri Kavishvara charithaya
300 _b13, 19 cm
650 _aBiography
942 _cBK
999 _c141325
_d141325